| 000 | 00889nam a2200265Ia 4500 | ||
|---|---|---|---|
| 003 | GCL | ||
| 005 | 20240530110136.0 | ||
| 008 | 140319s9999 xx 000 0 ara d | ||
| 040 |
_aGCL / _cGCL |
||
| 082 | 0 | 4 |
_a810.8006 _bخ ا |
| 100 | 1 | _aالخطيب , لسان الدين | |
| 245 | 1 | 0 |
_aالاحاطة فى اخبار غرناطة / _cالخطيب , لسان الدين ؛ حقق نصة محمد عبداللة عنان |
| 250 | _aط2 | ||
| 260 |
_aالقاهرة : _bمكتبة الخانجى ، _c1973 |
||
| 300 |
_a615 ص ؛ _c24 سم |
||
| 650 | 0 | 4 | _aالشعر العربى |
| 650 | 0 | 4 | _aالادب العربى |
| 650 | 0 | 4 | _aالنثر العربى |
| 650 | 0 | 4 | _aالرسائل العربية |
| 650 | 0 | 4 | _aالتراجم |
| 650 | 0 | 4 | _aتاريخ ونقد |
| 650 | 0 | 4 | _aالمجموعات |
| 700 | 1 |
_aمحمد عبدالله عنان _eمحقق |
|
| 942 |
_2ddc _cBK |
||
| 999 |
_c58878 _d58878 |
||